<?xml version="1.0" encoding="UTF-8"?>
<record
    xmlns:xsi="http://www.w3.org/2001/XMLSchema-instance"
    xsi:schemaLocation="http://www.loc.gov/MARC21/slim http://www.loc.gov/standards/marcxml/schema/MARC21slim.xsd"
    xmlns="http://www.loc.gov/MARC21/slim">

  <leader>00992cam7a220024100 4500</leader>
  <controlfield tag="001">qcf00639702</controlfield>
  <controlfield tag="005">20190823085253.0</controlfield>
  <controlfield tag="008">830629s1935    gw a          000 0 ger d</controlfield>
  <datafield tag="035" ind1=" " ind2=" ">
    <subfield code="a">(Sirsi) r54765</subfield>
  </datafield>
  <datafield tag="035" ind1=" " ind2=" ">
    <subfield code="a">(QCAT)lss03807281</subfield>
  </datafield>
  <datafield tag="035" ind1=" " ind2=" ">
    <subfield code="a">(UPRA)qcf00639702</subfield>
  </datafield>
  <datafield tag="040" ind1=" " ind2=" ">
    <subfield code="d">UPRA</subfield>
  </datafield>
  <datafield tag="100" ind1="1" ind2=" ">
    <subfield code="c">Ritter von Westersheim, d8.1..21.10</subfield>
    <subfield code="6">A13584.1</subfield>
  </datafield>
  <datafield tag="245" ind1="1" ind2="0">
    <subfield code="a">Handbuch der systematischen Botanik.</subfield>
  </datafield>
  <datafield tag="250" ind1=" " ind2=" ">
    <subfield code="a">Vierte, umgearbeite Auflage.</subfield>
  </datafield>
  <datafield tag="260" ind1=" " ind2=" ">
    <subfield code="a">Leipzig ; Wien :</subfield>
    <subfield code="a">Leipzig ; Wien :</subfield>
    <subfield code="b">Franz Deuticke,</subfield>
    <subfield code="c">1935.</subfield>
  </datafield>
  <datafield tag="500" ind1=" " ind2=" ">
    <subfield code="a">Also issued in 2 v., 1933-35, paged continuously. Bd. I partly revised by author before his death. Work finished by his son, Fritz Wettstein. cf Geleitwort.</subfield>
  </datafield>
  <datafield tag="504" ind1=" " ind2=" ">
    <subfield code="a">Includes bibliographical references.</subfield>
  </datafield>
  <datafield tag="650" ind1=" " ind2="0">
    <subfield code="a">Botany -- Classification.</subfield>
    <subfield code="x">Botany -- Classification.</subfield>
    <subfield code="6">S818.1</subfield>
  </datafield>
  <datafield tag="700" ind1="1" ind2=" ">
    <subfield code="a">Wettstein, Fritz von, 1895-</subfield>
    <subfield code="d">Wettstein, Fritz von, 1895-</subfield>
    <subfield code="6">A13585.1</subfield>
  </datafield>
  <datafield tag="949" ind1=" " ind2=" ">
    <subfield code="a">QK97</subfield>
    <subfield code="w">lcc</subfield>
    <subfield code="i">33729000339064</subfield>
    <subfield code="m">MAIN</subfield>
    <subfield code="p">2500</subfield>
    <subfield code="t">BOOK</subfield>
    <subfield code="l">ON-SHELF</subfield>
  </datafield>
  <controlfield tag="004">54765</controlfield>
  <datafield tag="999" ind1=" " ind2=" ">
    <subfield code="c">141555</subfield>
    <subfield code="d">141555</subfield>
  </datafield>
</record>
